[Event "Internet Chess Club m5 g/5'"]
[Site "ICC INT"]
[Date "1999.12.13"]
[Round "?"]
[White "Rustemov, Alexander"]
[Black "Kramnik, Vladimir"]
[Result "1/2-1/2"]
[WhiteElo "2539"]
[BlackElo "2751"]
[PlyCount "122"]
[EventDate "1999.12.??"]
[EventType "match (blitz)"]
[EventRounds "11"]
[EventCountry "USA"]
[SourceTitle "EXT 2005"]
[Source "ChessBase"]
[SourceDate "2004.11.15"]
[SourceVersion "1"]
[SourceVersionDate "2004.11.15"]
[SourceQuality "1"]

1. d4 Nf6 2. c4 e6 3. Nf3 b6 4. a3 Bb7 5. Nc3 d5 6. Bg5 Be7 7. Qa4+ Qd7 8.
Qxd7+ Nbxd7 9. e3 a6 10. cxd5 Nxd5 11. Nxd5 Bxd5 12. Bf4 c5 13. Be2 cxd4 14.
exd4 O-O 15. Rc1 Rfc8 16. O-O b5 17. Ne5 Nb6 18. Nd3 Bc4 19. Rfd1 Nd5 20. Be5
Bg5 21. Rc2 Bb3 22. Rxc8+ Rxc8 23. Rb1 Be7 24. Kf1 f6 25. Bg3 Nb6 26. Rc1 Rxc1+
27. Nxc1 Bd5 28. Nd3 Nc4 29. f3 a5 30. Ke1 g5 31. Bf2 Kf7 32. Nc5 b4 33. axb4
axb4 34. Bxc4 Bxc4 35. b3 Bb5 36. Kd2 h5 37. Ke3 f5 38. f4 gxf4+ 39. Kxf4 Bc6
40. g3 Bd5 41. Be1 Bf6 42. Ke3 Bg5+ 43. Kd3 Bc6 44. Bxb4 Bb5+ 45. Kc3 Be3 46.
Nd3 Bg1 47. h4 Ke8 48. Bd6 Kd7 49. Be5 Be3 50. Bf4 Bg1 51. Kd2 Kc6 52. Be5 Bxd3
53. Kxd3 Kb5 54. d5 exd5 55. Bd4 Bh2 56. Bf2 f4 57. gxf4 Bxf4 58. Kd4 Kc6 59.
b4 Bc7 60. b5+ Kxb5 61. Kxd5 Bd8 1/2-1/2

[Event "Internet Chess Club m5 g/5'"]
[Site "ICC INT"]
[Date "1999.12.13"]
[Round "?"]
[White "Rustemov, Alexander"]
[Black "Kramnik, Vladimir"]
[Result "0-1"]
[WhiteElo "2539"]
[BlackElo "2751"]
[PlyCount "58"]
[EventDate "1999.12.??"]
[EventType "match (blitz)"]
[EventRounds "11"]
[EventCountry "USA"]
[SourceTitle "EXT 2005"]
[Source "ChessBase"]
[SourceDate "2004.11.15"]
[SourceVersion "1"]
[SourceVersionDate "2004.11.15"]
[SourceQuality "1"]

1. d4 d6 2. Nf3 g6 3. g3 Bg7 4. Bg2 c5 5. O-O cxd4 6. Nxd4 Qb6 7. Nb3 Nc6 8.
Nc3 Bxc3 9. bxc3 Nf6 10. c4 O-O 11. Bb2 Be6 12. Bxf6 exf6 13. Qxd6 Rad8 14. Qf4
Kg7 15. c5 Qa6 16. e3 Bd5 17. Rfd1 Bxg2 18. Kxg2 Ne5 19. Qe4 h5 20. Rd6 Rxd6
21. cxd6 Qxd6 22. Qxb7 h4 23. Nd4 f5 24. Rd1 Qf6 25. gxh4 Qxh4 26. Ne6+ Kg8 27.
Rd4 Ng4 28. Qf3 Qxh2+ 29. Kf1 fxe6 0-1

[Event "Internet Chess Club m5 g/5'"]
[Site "ICC INT"]
[Date "1999.12.21"]
[Round "?"]
[White "Kramnik, Vladimir"]
[Black "Rustemov, Alexander"]
[Result "1-0"]
[WhiteElo "2751"]
[BlackElo "2539"]
[PlyCount "115"]
[EventDate "1999.12.??"]
[EventType "match (blitz)"]
[EventRounds "11"]
[EventCountry "USA"]
[SourceTitle "EXT 2005"]
[Source "ChessBase"]
[SourceDate "2004.11.15"]
[SourceVersion "1"]
[SourceVersionDate "2004.11.15"]
[SourceQuality "1"]

1. e4 e6 2. d4 d5 3. e5 c5 4. c3 Qb6 5. Nf3 Bd7 6. Be2 cxd4 7. cxd4 Bb5 8. Nc3
Bxe2 9. Nxe2 Bb4+ 10. Bd2 Nc6 11. O-O Bxd2 12. Qxd2 Nge7 13. Ng3 O-O 14. Rac1
Rac8 15. Rc3 Na5 16. b3 Rxc3 17. Qxc3 Rc8 18. Qd2 Nac6 19. Rc1 Qb4 20. Nf1 a5
21. Rc2 Qxd2 22. N1xd2 Kf8 23. Kf1 Ke8 24. g4 Kd7 25. Ke2 h5 26. h3 hxg4 27.
hxg4 f6 28. exf6 gxf6 29. Nf1 e5 30. dxe5 fxe5 31. Rd2 e4 32. Ng5 Rg8 33. Nxe4
Kc7 34. Nf6 Rg6 35. Nxd5+ Nxd5 36. Rxd5 Rxg4 37. Ne3 Rg7 38. Rd2 Rf7 39. f4 Kb6
40. Kf3 Kc5 41. Rc2+ Kd4 42. Ng4 Rf8 43. Rd2+ Kc3 44. Rd7 Kb2 45. Rxb7 Kxa2 46.
Ke4 Re8+ 47. Ne5 Nb4 48. f5 Kxb3 49. f6 Rf8 50. f7 a4 51. Nc6 a3 52. Nxb4 Rxf7
53. Rxf7 Kxb4 54. Kd3 a2 55. Rb7+ Ka3 56. Kc2 a1=N+ 57. Kc3 Ka2 58. Rb6 1-0

[Event "Internet Chess Club m5 g/5'"]
[Site "ICC INT"]
[Date "1999.12.21"]
[Round "?"]
[White "Rustemov, Alexander"]
[Black "Kramnik, Vladimir"]
[Result "1-0"]
[WhiteElo "2539"]
[BlackElo "2751"]
[PlyCount "77"]
[EventDate "1999.12.??"]
[EventType "match (blitz)"]
[EventRounds "11"]
[EventCountry "USA"]
[SourceTitle "EXT 2005"]
[Source "ChessBase"]
[SourceDate "2004.11.15"]
[SourceVersion "1"]
[SourceVersionDate "2004.11.15"]
[SourceQuality "1"]

1. d4 d6 2. Nf3 g6 3. g3 Bg7 4. Bg2 c5 5. O-O Nd7 6. c4 Ngf6 7. Nc3 O-O 8. d5
a6 9. a4 Ne8 10. a5 b6 11. axb6 Nxb6 12. Nd2 Nf6 13. Qc2 Rb8 14. b3 e6 15. dxe6
fxe6 16. Bb2 d5 17. Rad1 Qc7 18. e3 Bb7 19. Ne2 Rbc8 20. Nf4 Qf7 21. h4 Nbd7
22. Nf3 Ne4 23. Bxg7 Kxg7 24. Ng5 Nxg5 25. hxg5 Nb6 26. Qb2+ Kg8 27. Qe5 Rfe8
28. Bh3 Nd7 29. Qxe6 Rcd8 30. Qxf7+ Kxf7 31. Nxd5 Ne5 32. f4 Nc6 33. Kf2 Na5
34. Nf6 Rh8 35. Nd7 Bc8 36. Ne5+ Ke7 37. Bxc8 Rxc8 38. Rd7+ Ke6 39. Rfd1 1-0

[Event "Internet Chess Club m5 g/5'"]
[Site "ICC INT"]
[Date "1999.12.21"]
[Round "?"]
[White "Rustemov, Alexander"]
[Black "Kramnik, Vladimir"]
[Result "1/2-1/2"]
[WhiteElo "2539"]
[BlackElo "2751"]
[PlyCount "71"]
[EventDate "1999.12.??"]
[EventType "match (blitz)"]
[EventRounds "11"]
[EventCountry "USA"]
[SourceTitle "EXT 2005"]
[Source "ChessBase"]
[SourceDate "2004.11.15"]
[SourceVersion "1"]
[SourceVersionDate "2004.11.15"]
[SourceQuality "1"]

1. d4 d6 2. Nf3 g6 3. g3 Bg7 4. Bg2 Nf6 5. O-O O-O 6. c4 Nbd7 7. Nc3 a6 8. h3
c5 9. e4 cxd4 10. Nxd4 Nc5 11. Bg5 Ne6 12. Be3 Rb8 13. Rc1 Nxd4 14. Bxd4 Be6
15. Nd5 Bxd5 16. exd5 b5 17. c5 dxc5 18. Bxc5 Nd7 19. Bd4 Bxd4 20. Qxd4 Qb6 21.
Qxb6 Nxb6 22. Rc7 Rfd8 23. Re1 Nxd5 24. Bxd5 Rxd5 25. Rexe7 Rf8 26. Kf1 Rd2 27.
Re2 Rfd8 28. Rc6 Rd1+ 29. Kg2 R1d2 30. Kf1 Rd1+ 31. Kg2 R1d2 32. Rxd2 Rxd2 33.
Rxa6 Rxb2 34. a4 bxa4 35. Rxa4 h5 36. h4 1/2-1/2

[Event "Internet Chess Club m6 g/5'"]
[Site "ICC INT"]
[Date "1999.12.07"]
[Round "?"]
[White "Kramnik, Vladimir"]
[Black "Zarnicki, Pablo Adrian"]
[Result "1-0"]
[WhiteElo "2751"]
[BlackElo "2497"]
[PlyCount "49"]
[EventDate "1999.12.??"]
[EventType "match (blitz)"]
[EventRounds "3"]
[EventCountry "USA"]
[SourceTitle "EXT 2005"]
[Source "ChessBase"]
[SourceDate "2004.11.15"]
[SourceVersion "1"]
[SourceVersionDate "2004.11.15"]
[SourceQuality "1"]

1. Nf3 Nf6 2. c4 e6 3. Nc3 Bb4 4. Qb3 a5 5. g3 O-O 6. Bg2 b6 7. O-O Bb7 8. d4
Bxc3 9. Qxc3 d6 10. b3 Nbd7 11. Bb2 Qe7 12. Rad1 Ne4 13. Qc1 Ndf6 14. Ne1 Nd7
15. f3 Nef6 16. e4 e5 17. Nc2 a4 18. Ne3 axb3 19. Nf5 Qd8 20. dxe5 dxe5 21.
axb3 Qe8 22. Bh3 g6 23. Qh6 gxf5 24. Bxf5 Ra2 25. Rxd7 1-0

[Event "Internet Chess Club m6 g/5'"]
[Site "ICC INT"]
[Date "1999.12.07"]
[Round "?"]
[White "Zarnicki, Pablo Adrian"]
[Black "Kramnik, Vladimir"]
[Result "1/2-1/2"]
[WhiteElo "2497"]
[BlackElo "2751"]
[PlyCount "127"]
[EventDate "1999.12.??"]
[EventType "match (blitz)"]
[EventRounds "3"]
[EventCountry "USA"]
[SourceTitle "EXT 2005"]
[Source "ChessBase"]
[SourceDate "2004.11.15"]
[SourceVersion "1"]
[SourceVersionDate "2004.11.15"]
[SourceQuality "1"]

1. e4 c5 2. Nf3 d6 3. Bb5+ Bd7 4. Bxd7+ Qxd7 5. c4 Nc6 6. O-O g6 7. d4 cxd4 8.
Nxd4 Bg7 9. Be3 Nf6 10. f3 O-O 11. Nc3 e6 12. Qd2 d5 13. Nxc6 bxc6 14. cxd5
exd5 15. exd5 Nxd5 16. Nxd5 Qxd5 17. Qxd5 cxd5 18. Rad1 Rfe8 19. Bd4 Bh6 20.
Rfe1 a6 21. Kf2 Rac8 22. Bc3 Red8 23. Rd3 Bg7 24. Bxg7 Kxg7 25. Re2 Kf6 26. f4
Rc6 27. Kf3 h5 28. g3 Rcd6 29. Rc2 Kf5 30. h3 Ke6 31. Re2+ Kd7 32. Red2 Ke6 33.
Re2+ Kf6 34. Rc2 g5 35. g4 hxg4+ 36. hxg4 gxf4 37. Kxf4 Re8 38. g5+ Kg6 39. Rd4
Re1 40. Rcd2 Rf1+ 41. Kg3 Rf5 42. b4 Rxg5+ 43. Kf4 Rf5+ 44. Kg4 Re5 45. Kf4 f6
46. a4 Kf7 47. b5 axb5 48. axb5 Ke6 49. Rb4 Rb6 50. Ra2 Kd6 51. Rb1 Rh5 52. Ra6
Kc5 53. Ra8 d4 54. Rc1+ Kxb5 55. Rb1+ Kc6 56. Rc8+ Kb7 57. Rb8+ Kxb8 58. Rxb6+
Kc7 59. Rxf6 Rh3 60. Ke4 d3 61. Rf1 Kc6 62. Rd1 Kc5 63. Rxd3 Rxd3 64. Kxd3
1/2-1/2

[Event "Corus"]
[Site "Wijk aan Zee"]
[Date "2000.01.25"]
[Round "9"]
[White "Kramnik, Vladimir"]
[Black "Piket, Jeroen"]
[Result "1/2-1/2"]
[WhiteElo "2758"]
[BlackElo "2633"]
[Annotator "Huzman,A"]
[PlyCount "77"]
[EventDate "2000.01.15"]
[EventType "tourn"]
[EventRounds "13"]
[EventCountry "NED"]
[EventCategory "18"]
[SourceTitle "CBM 075"]
[Source "ChessBase"]
[SourceDate "2000.04.05"]
[SourceVersion "1"]
[SourceVersionDate "2000.04.05"]
[SourceQuality "1"]

1. d4 Nf6 2. c4 g6 3. Nc3 Bg7 4. e4 d6 5. Nf3 O-O 6. Be2 c5 7. d5 e6 8. O-O Re8
9. Bf4 exd5 10. exd5 Bg4 11. h3 (11. Qd2 a6 12. a4 Qc7 13. h3 Bxf3 14. Bxf3
Nbd7 15. Rfe1 Rxe1+ 16. Rxe1 Re8 17. Rxe8+ Nxe8 18. Bd1 Ne5 19. Qe2 Qb6 20. Kf1
h5 21. Ne4 Qc7 22. b3 Kf8 23. Bc2 Qe7 24. Bg5 f6 25. Bd2 $14 {1-0 Sosonko,
G-Larsen,B/Brussels 1987/CBM 02 (78)}) 11... Bxf3 12. Bxf3 a6 {We get often
the same pawn structure in Averbakh system.I can recommend to study following
games: Polugaevsky,L-Uhlmann,W,Amsterdam,1970; Uhlmann,W-Gligoric,S,Hastings
1970/71; Kaidanov,G-Kamsky,G, USA championship 1993} 13. g4 {A risky desicion.
Later on Black used it to their favour and won battle over e5 square.} (13. Qd2
Qb6 14. Rfe1 Nbd7 15. Rac1 Rxe1+ 16. Rxe1 Re8 17. Re2 Kf8 18. b3 Rxe2 19. Nxe2
Ne8 20. Nc1 Ne5 21. Be2 Qd8 22. Nd3 Nxd3 23. Bxd3 Qf6 $11 {1/2-1/2 Khechen,
N-Ostos,J/Luzern 1982/EXT 97-B (36)}) 13... Qb6 14. Qc2 h6 $1 {[%cal Yg6g5]}
15. b3 Nbd7 16. Bg2 Re7 17. Rae1 Rae8 18. Rxe7 Rxe7 19. Kh1 Ne8 20. Bd2 Qd8 21.
a4 Nef6 22. f4 Re8 23. Qd3 Nh7 $1 24. Kh2 (24. Ne4 $1 Ndf6 25. Ng3 Nd7 26. a5
$14) 24... Qe7 25. Re1 Qd8 26. Rxe8+ $6 Qxe8 27. a5 Nhf6 28. Bf3 Qe7 29. Qe2
Qd8 30. Nd1 Ne8 31. Nf2 Kf8 32. g5 (32. Nd3 {[%cal Gb3b4]} Bd4 33. b4 cxb4 34.
Bxb4 Nc5 $132) 32... hxg5 33. fxg5 Bd4 $132 {[%cal Yd7e5]} 34. Ne4 b6 35. axb6
Qxb6 36. Qd1 Ne5 37. Be2 Ng7 $1 38. Ng3 Bf2 39. Ne4 (39. Ne4 Bd4 $11) (39. Bf4
Bxg3+ 40. Bxg3 Nf5 $15 {[%cal Yf5d4]}) 1/2-1/2

[Event "Corus"]
[Site "Wijk aan Zee"]
[Date "2000.01.29"]
[Round "12"]
[White "Kramnik, Vladimir"]
[Black "Kasparov, Garry"]
[Result "1/2-1/2"]
[WhiteElo "2758"]
[BlackElo "2851"]
[Annotator "Krasenkow,M"]
[PlyCount "74"]
[EventDate "2000.01.15"]
[EventType "tourn"]
[EventRounds "13"]
[EventCountry "NED"]
[EventCategory "18"]
[SourceTitle "CBM 075"]
[Source "ChessBase"]
[SourceDate "2000.04.05"]
[SourceVersion "1"]
[SourceVersionDate "2000.04.05"]
[SourceQuality "1"]

1. d4 Nf6 2. c4 g6 3. Nc3 d5 4. cxd5 Nxd5 5. e4 Nxc3 6. bxc3 Bg7 7. Nf3 c5 8.
h3 $6 {This loss of a tempo was considered necessary (and the whole 7.Nf3
system dubious therefore) before the seventies, when it was discovered that
Black's ..Bg4 threat is not worth such extraordinary measures. After that 7.
Nf3 became very popular but 8.h3 was completely forgotten. Why does Kramnik
come back to this harmless line? In recent years he tried many systems against
Kasparov's Gruenfeld but didn't achieve any real success. Now he just tries to
avoid "theoretical" lines. But it is hardly possible to upset Garry this way 
(which way it is possible, nobody knows!). In the present game White managed
to pose Black some problems but Kasparov solved them quite easily.} O-O 9. Be2
{Other options seen in practice:} (9. Bc4 Nc6 (9... Qc7 10. Bb3 Nc6 11. Be3 b6
12. Qc2 Na5 13. Bd5 Bb7 14. Bxb7 Nxb7 15. Rc1 Rac8 16. O-O Rfd8 {1/2-1/2
Blocher,J-Dreher,A/AUT-chT9697 1997}) 10. Be3 cxd4 (10... Qa5 $5) 11. cxd4 b5
12. Bd5 Bb7 13. Rc1 Rc8 14. O-O (14. Bxc6 $142 Rxc6 15. Rxc6 Bxc6 16. d5) 14...
e6 15. Bb3 Na5 16. Rxc8 Qxc8 17. d5 Nxb3 18. Qxb3 exd5 19. Bxa7 dxe4 20. Nd4
Rd8 21. Rd1 Bd5 22. Qxb5 Bxa2 23. Qa4 Bd5 {Rack,M-Schnitzspan,L/Wiesbaden op
1988/1/2-1/2 (76)}) (9. Be3 Qa5 (9... Nd7 $6 10. Bd3 e6 11. O-O cxd4 12. cxd4
b6 13. Bg5 f6 14. Bd2 Ne5 15. Bb4 Nxd3 16. Bxf8 Nxf2 17. Rxf2 Bxf8 18. Rc1 Bb7
19. Qd3 Kh8 20. Kh1 Bd6 21. Qe3 e5 22. dxe5 Bc5 23. Rxc5 bxc5 24. exf6 {
Luczak,A-Schinzel,W/Warszawa Cup5-A 1979/1-0 (41)}) (9... b6 10. Qc2 cxd4 11.
cxd4 Bb7 12. Rd1 Nc6 13. Be2 Rc8 14. Qb1 Qd6 15. O-O Qb4 16. d5 Qxb1 17. Rxb1
Na5 18. Rfc1 Rxc1+ 19. Rxc1 Rc8 {Sepulveda,P-Santos,F/Pan American-ch 1996/1/
2-1/2 (55)}) (9... b5 10. Rb1 (10. Bxb5 $5 Qa5 11. Qb3) (10. Be2 $5 {-see game}
) 10... a6 11. Bd3 Nc6 12. Bc2 Na5 13. O-O Nc4 14. Bc1 Qa5 15. Bb3 Qxc3 16.
dxc5 Bb7 17. Qe2 Ne5 18. Ba3 Nd3 19. c6 Bxc6 20. Rfc1 Nxc1 21. Rxc1 Qf6 22. Qe3
Rac8 23. e5 Qf5 24. Nd4 Qd7 25. Bxf7+ Kh8 26. Be6 Bh6 27. Bxd7 Bxe3 28. Rxc6
Bxf2+ 29. Kh2 Rcd8 30. Ne6 Rxd7 31. Nxf8 Rd3 32. Bc5 Bg3+ 33. Kh1 Rc3 34. Bf2
Rxc6 35. Bxg3 Kg8 36. Nd7 Kf7 37. Bf2 Ke6 38. Nc5+ Kxe5 39. Nd3+ Ke4 40. Nc5+
Kd5 41. Nd3 a5 {0-1 Calderin,R-Arencibia,W/CUB-ch 1988}) 10. Qd2 Nc6 11. Rd1 (
11. Be2 $6 cxd4 12. Nxd4 (12. cxd4 Qxd2+ 13. Kxd2 Rd8) 12... Rd8 13. Rd1 Be6
14. O-O Nxd4 15. cxd4 Qxa2 16. Qxa2 Bxa2 17. d5 Rdc8 18. Rc1 a5 19. Bb5 Bb3 20.
Bd7 Rxc1 21. Rxc1 a4 22. Bc8 Bb2 23. Bxb7 Bxc1 24. Bxc1 {Heinrich,C-Sperlich,S/
Dortmund op 1987/0-1 (46)}) 11... b6 12. Be2 Rd8 13. O-O Ba6 14. Bxa6 Qxa6 15.
Bh6 cxd4 16. Bxg7 Kxg7 17. cxd4 Qa5 18. d5 Qxd2 19. Rxd2 Nb4 20. a3 Na6 {
1/2-1/2 Idigoras Guisasola,G-Marini,L/ARG-ch 1955}) 9... b5 {Combining
fianchetto with active queenside play. However, is it really "active play" or
just a weakening move? Surprisingly enough,} (9... Nc6 {didn't bring Black any
success in the few games played with this move:} 10. Be3 Qa5 {is probably the
best but has not yet been seen in practice. For example,} (10... b6 11. O-O
cxd4 12. cxd4 Bb7 (12... h6 13. Qd2 Kh7 14. Rac1 Bb7 15. d5 Na5 16. Qb4 Rc8 17.
Rxc8 Bxc8 18. Rc1 Bd7 19. Nd4 Re8 20. Bb5 Be5 21. f4 Bd6 22. Qc3 e5 23. dxe6
Bxb5 24. Nxb5 {Pandorf,H-Schmitt,K/RLPF-op Polch 1990/0-1 (49)}) 13. Rc1 Rc8
14. Qa4 (14. Qd2 e6 15. Bg5 Qe8 16. Bb5 a6 17. Ba4 b5 18. Bb3 Ne7 19. Qb4 Nc6
20. Qd6 h6 21. d5 hxg5 22. dxe6 f6 23. Qd7 Ba8 24. Rc5 Kh8 25. Bd5 Ne5 26. Rxc8
Qxc8 27. Nxe5 fxe5 28. Bxa8 Qxa8 29. Rd1 Qxe4 30. e7 Rxf2 31. Kxf2 Qf4+ 32. Kg1
{1-0 Koka,O-Feller,C/Bern op 1996}) 14... Na5 15. Nd2 Bc6 16. Qb4 e6 17. f3 Re8
18. Bb5 Bxb5 19. Rxc8 Qxc8 20. Qxb5 Qc3 21. Qxe8+ {1-0 Bobak,S-Dudik,C/It,
Debrecen HUN 1998}) (10... cxd4 11. cxd4 Qa5+ 12. Bd2 Qa3 13. d5 Ne5 14. Nxe5
Bxe5 15. O-O Bxa1 16. Qxa1 f6 17. Rb1 Qd6 18. Bb4 Qd8 19. Bc4 Kg7 20. e5 a5 21.
Ba3 b5 22. Bxb5 Rb8 23. exf6+ exf6 24. Bxf8+ Qxf8 25. a4 {Bannik,A-Ilivitsky,G/
URS-ch21 Kiev 1954/1-0 (52)}) 11. O-O Qxc3 12. Rc1 Qa3 13. Rxc5 Qxa2 $13) (9...
b6 {is probably the most logical to underline that 8.h3 has been just a loss
of time.} 10. O-O Bb7 11. e5 cxd4 12. cxd4 Na6 13. Qa4 Nc7 14. Ba3 Qe8 15. Qb3
Qd7 16. Rad1 Bd5 17. Bc4 Rac8 18. Nd2 Bh6 19. Bxd5 Nxd5 20. Ne4 Qc6 21. Qg3
Rfe8 22. Qh4 Bg7 23. Rd3 f5 {0-1 Gawlikowski,S-Taimanov,M/Szczawno Zdroj 1950 
(33)}) 10. Be3 Bb7 11. Qd3 cxd4 12. cxd4 Nd7 13. O-O Nb6 {The whole plan
connected with 9...b5 is now clear.} 14. Qb1 $1 {An unusual but strong move.
It is not easy now for Black to defend his b5 pawn.} Na4 $5 {Black retorts to
tactical means.} (14... a6 15. a4 bxa4 {doesn't lose a piece at once but White
obtains a more than sufficient compensation for the pawn:} 16. d5 (16. Ra2 $44)
16... Bxa1 17. Qxa1 {/\18.Rb1} (17. Bxb6 Qd6 18. Be3 Bg7 19. Qxb7 Rfb8 20. Qc6
Qxc6 21. dxc6 a3 $13) 17... Rb8 18. Bh6 $16) 15. Qxb5 Nc3 16. Qxb7 Nxe2+ 17.
Kh1 Nxd4 {The pin along the d-file looks dangerous but White can't eventually
win more than a pawn, which will be insufficient for winning the game.} 18.
Rad1 (18. Bxd4 {yields nothing in view of} Bxd4 19. Rad1 (19. Nxd4 Qxd4 20.
Qxe7 Rfe8 $11) 19... Qb6 20. Qxe7 Bxf2 21. Rd6 Bc5 $11 (21... Qe3)) 18... e5
19. Nxe5 {White looks for more than} (19. Nxd4 exd4 20. Bxd4 Bxd4 21. Qb4 Rb8
22. Qxd4 Qxd4 23. Rxd4 $14 {and it is very difficult for him to make use of
his extra pawn in the four-rook endgame.}) 19... Bxe5 20. f4 Bg7 (20... Rb8 21.
Qa6 Rb6 {doesn't work in view of} 22. Qxa7 Bb8 23. Qa4 $18) 21. e5 Qb6 $1 {
Liquidates to an endgame, which is even less promising for White than that
after 19.Nxd4} 22. Qxb6 axb6 23. Bxd4 Rxa2 24. Bxb6 Re8 {[%cal Yf7f6] If the
pawns are on the same flank, realization of an extra pawn is generally
possible with knights on the board (or if the strong side has a knight against
a bishop). With each side having only a bishop, the endgame usually ends in a
draw.The text move prepares the exchange of another pawn pair.} 25. Bd8 Ra6 {
Again threatening 26...f6} 26. Bc7 Rae6 (26... f6 {did work now owing to the
possibility} 27. Rd6 Re6 $1 {but Black needn't hurry with ...f7-f6}) 27. g4 g5
$1 (27... f6 28. f5 Rc6 {was good, too, but with the text move Black simply
wins the e5 pawn.}) 28. f5 (28. fxg5 Bxe5 {is also a dead draw}) 28... Rc6 29.
Rd7 Bxe5 30. Re1 f6 31. Bxe5 Rxe5 32. Rxe5 fxe5 33. Re7 h5 34. Kg2 hxg4 35.
hxg4 Rc4 36. Kf3 Rf4+ 37. Kg3 e4 1/2-1/2

[Event "Linares 17th"]
[Site "Linares"]
[Date "2000.03.04"]
[Round "5"]
[White "Kramnik, Vladimir"]
[Black "Shirov, Alexei"]
[Result "1-0"]
[WhiteElo "2758"]
[BlackElo "2751"]
[Annotator "Huebner,R"]
[PlyCount "95"]
[EventDate "2000.02.28"]
[EventType "tourn"]
[EventRounds "10"]
[EventCountry "ESP"]
[EventCategory "21"]
[SourceTitle "CBM 076"]
[Source "ChessBase"]
[SourceDate "2000.05.31"]
[SourceVersion "1"]
[SourceVersionDate "2000.05.31"]
[SourceQuality "1"]

1. Nf3 d5 2. d4 c6 3. c4 Nf6 4. Nc3 dxc4 5. a4 Bf5 6. Ne5 e6 7. f3 Bb4 8. e4
Bxe4 9. fxe4 Nxe4 10. Bd2 Qxd4 11. Nxe4 Qxe4+ 12. Qe2 Bxd2+ 13. Kxd2 Qd5+ 14.
Kc2 Na6 15. Nxc4 b5 ({Nach} 15... O-O-O {ist Kramniks Fortsetzung} 16. Qe3 Nc5
17. Be2 Qxg2 18. Rhg1 Qxh2 19. Rxg7 Rd3 20. Rh1 $16 {unangenehm für Schwarz.})
16. axb5 Nb4+ 17. Kc3 (17. Kb3 cxb5 18. Kxb4 bxc4 19. Qxc4 Rb8+ 20. Ka3 (20.
Ka4 Qd6 $5 $40) 20... Qa5+ 21. Qa4+ {1/2,Bareev,E-Khalifman,A/Ubeda/1997/})
17... cxb5 18. Rd1 (18. Nb6 Qc5+ 19. Kb3 Nc6 $1 (19... Rb8 $2 20. Qxb5+ Qc6 21.
Kxb4 Rxb6 22. Rc1 $1 Qd7 23. Rc7 $1) 20. Qxb5 Qe3+ 21. Kc2 (21. Bd3 $2 O-O $1
$17) 21... Qf2+ 22. Kc3 (22. Be2 $2 O-O) 22... Qd4+ {1/2,Shirov,A-Chalifman,A/
Ter Apel/1997/}) 18... Qc5 {Bisher wurde nur das im folgenden diskutierte
Damenopfer versucht; der Textzug wurde von einigen als Alternative
vorgeschlagen.} (18... bxc4 19. Rxd5 Nxd5+ 20. Kd2 {Dies scheint mir stärker
zu sein als der von Topalov gegen Anand gespielte Zug 20.Kc2; Weiß versucht,
seinen König sofort am Königsflügel in Sicherheit zu bringen. 'N!?' Stohl.} (
20. Kc2 {Kortschnoj} O-O 21. Qe4 Rfc8 22. h4 Rc5 23. Rh3 Rac8 24. Ra3 a5 25.
Kc1 h5 26. Qd4 {1/2-1/2 Topalov,V-Anand,V/Dos Hermanas 1997/CBM 59 [Huebner]
'~~' Stohl. Stohl: '1/2,Topalov,V-Anand,V/Dos Hermanas/1997/'}) 20... O-O 21.
Qe5 (21. Qxc4 Rab8 {genügt vielleicht auch, überläßt dem Nachziehenden aber
unnötig viel Gegenspiel.}) 21... Rac8 (21... Rfd8 $2 22. Bxc4 Nb6+ 23. Kc3 Rac8
24. b3) 22. Be2 Rfd8 (22... c3+ $5 23. bxc3 Nxc3 $14) 23. Rc1 Nb6+ (23... Nf4+
24. Ke3 Nxg2+ 25. Kf2 Nh4 26. Rxc4 $18 {Schwarz kann seinen a-Bauern nicht
halten.}) (23... c3+ 24. bxc3 Nxc3+ 25. Ke1 (25. Bd3 {Kortschnoj} Nd5 26. Rb1
$14) 25... Nd5 26. Rxc8 Rxc8 27. Bf3 Nf6 28. g4 {ist ebenfalls hoffnungslos
für Schwarz.}) 24. Ke1 Rd5 25. Qe3 Rb5 26. Rc2 g6 (26... h5 $5 {Kortschnoj})
27. g4 Rcc5 28. Rd2 Nd5 29. Qe5 Rb3 30. h4 h6 31. Kf2 a5 32. Bf3 Rd3 33. Re2
Rb3 34. Qd6 Nb4 35. Be4 Nd3+ 36. Kf1 Re5 37. Qc7 Rc5 38. Qd8+ Kg7 39. Qd4+ e5 (
39... Kg8 {Kortschnoj} 40. Bxg6 $1 fxg6 41. Rxe6 $18) 40. Qd6 Rbb5 41. Bxd3 {
1-0 Salov,V-Illescas Cordoba,M/Dos Hermanas 1997/CBM 59/[Huebner,R] (41)} (41.
Bxd3 {Kortschnoj} cxd3 42. Rf2 d2 43. Qf6+ $18)) 19. Qe5 Nd5+ 20. Rxd5 b4+ ({
Die Fortsetzung} 20... Qxd5 21. Nd6+ Kf8 22. Qxd5 exd5 23. Bxb5 $16 {ist nicht
angenehmer für Schwarz.}) 21. Kb3 Qxd5 22. Be2 O-O 23. Qxd5 exd5 24. Na5 Rfe8
25. Bf3 Rac8 26. Rd1 {Ich zitiere aus "Schach" 4/2000, S.12: "Das vorliegende
Endspiel ist einer konkreten Analyse nicht leicht zugänglich. Kramnik meint,
daß Weiß etwas besser steht, Schwarz sich aber bei genauem Spiel behaupten
sollte. Wo Shirov fehlgegriffen habe, ließe sich erst nach einer gründlichen
Analyse verläßlich sagen." Ich beurteile die Aussichten des Schwarzen weniger
optimistisch und möchte mich nicht darauf einlassen, diese Stellung als
Nachziehender zu verteidigen.} Re3+ 27. Ka4 b3 28. Rxd5 g6 29. Rd7 Rc2 30. Ka3
Kg7 31. Rxa7 h5 32. h3 h4 33. Rb7 Rc5 34. Kb4 Rf5 35. Rc7 g5 36. Nxb3 Rf4+ 37.
Rc4 Rxc4+ 38. Kxc4 f5 39. Nd4 Kf6 40. b4 Re1 41. b5 Ke5 42. Nc6+ Kd6 43. b6
Rc1+ 44. Kb5 g4 45. b7 Rb1+ 46. Nb4 Kc7 47. hxg4 fxg4 48. Be4 1-0